Платиновые месторождения Северо-Азиатского кратона и его обрамления: металлогения и геодинамика; Металлогения, нефтегазоносность и геодинамика Северо-Азиатского кратона и ороненных поясов его обрамления

Bibliografiske detaljer
Parent link:Металлогения, нефтегазоносность и геодинамика Северо-Азиатского кратона и ороненных поясов его обрамления.— 1998.— С. 45-46
Andre forfattere: Додин Д. А., Ланда Э. А., Митрофанов Г. Л., Коробейников А. Ф. Александр Феопенович
Summary:В фонде НТБ ТПУ отсутствует
Sprog:russisk
Udgivet: 1998
Fag:
Format: MixedMaterials Book Chapter
KOHA link:https://koha.lib.tpu.ru/cgi-bin/koha/opac-detail.pl?biblionumber=595422

MARC

LEADER 00000naa0a2200000 4500
001 595422
005 20250303115049.0
035 |a (RuTPU)RU\TPU\tpu\16506 
090 |a 595422 
100 |a 20090906d1998 k y0rusy50 ca 
101 0 |a rus 
102 |a RU 
200 1 |a Платиновые месторождения Северо-Азиатского кратона и его обрамления: металлогения и геодинамика  |f Д. А. Додин [и др.] 
333 |a В фонде НТБ ТПУ отсутствует 
463 |t Металлогения, нефтегазоносность и геодинамика Северо-Азиатского кратона и ороненных поясов его обрамления   |o материалы II Всесоюзного металлогенического совещания, 25-28 августа 1998 г.  |v С. 45-46  |d 1998 
610 1 |a труды учёных ТПУ 
701 1 |a Додин  |b Д. А.  |4 070 
701 1 |a Ланда  |b Э. А.  |4 070 
701 1 |a Митрофанов  |b Г. Л.  |4 070 
701 1 |a Коробейников  |b А. Ф.  |c российский геолог, доктор геолого-минералогических наук  |c профессор Томского политехнического университета  |f 1934-  |g Александр Феопенович  |3 (RuTPU)RU\TPU\pers\12688  |4 070 
801 1 |a RU  |b 63413507  |c 20090906 
801 2 |a RU  |b 63413507  |c 20091211  |g RCR 
942 |c BK